| Tag |
First Indicator |
Second Indicator |
Subfields |
| LEADER |
00000cam a2200000 a 4500 |
| 001 |
in00001573921 |
| 005 |
20151022093046.0 |
| 008 |
000324s1999 fr ad b i100 0 eng d |
| 010 |
|
|
|a 00393806
|
| 020 |
|
|
|a 9264171738
|
| 035 |
|
|
|a (OCoLC)ocm43700535
|
| 040 |
|
|
|a IL#
|c DLC
|d IL#
|d TZT
|d ORU
|d TXA
|d UtOrBLW
|
| 042 |
|
|
|a lccopycat
|
| 043 |
|
|
|a a------
|
| 049 |
|
|
|a TXAM
|
| 050 |
0 |
0 |
|a HD8653.5
|b .L333 1999
|
| 072 |
|
7 |
|a HC
|2 lcco
|
| 082 |
0 |
0 |
|a 331.6/2/095
|2 21
|
| 245 |
0 |
0 |
|a Labour migration and the recent financial crisis in Asia /
|c Organisation for Economic Co-operation and Development.
|
| 264 |
|
1 |
|a Paris :
|b OECD,
|c 1999.
|
| 300 |
|
|
|a 246 pages :
|b illustrations, tables ;
|c 27 cm.
|
| 336 |
|
|
|a text
|b txt
|2 rdacontent
|
| 337 |
|
|
|a unmediated
|b n
|2 rdamedia
|
| 338 |
|
|
|a volume
|b nc
|2 rdacarrier
|
| 490 |
1 |
|
|a OECD proceedings
|
| 500 |
|
|
|a Papers from a workshop held 28-29 January, 1999, organized by the Japan Institute of Labor, the Japanese Ministry of Labor, the OECD and the ILO. Cf. Foreword, page 3.
|
| 504 |
|
|
|a Includes bibliographical references.
|
| 650 |
|
0 |
|a Foreign workers
|z Asia
|v Congresses.
|
| 650 |
|
0 |
|a Illegal aliens
|z Asia
|v Congresses.
|
| 651 |
|
0 |
|a Asia
|x Emigration and immigration
|v Congresses.
|
| 650 |
|
0 |
|a Labor market
|z Asia
|v Congresses.
|
| 650 |
|
0 |
|a Labor mobility
|z Asia
|v Congresses.
|
| 650 |
|
0 |
|a Labor economics
|z Asia
|v Congresses.
|
| 650 |
|
0 |
|a Labor unions
|z Asia
|v Congresses.
|
| 650 |
|
0 |
|a Foreign workers
|x Legal status, laws, etc.
|z Asia
|v Congresses.
|
| 650 |
|
0 |
|a Financial crises
|z Asia
|v Congresses.
|
| 651 |
|
0 |
|a Asia
|x Economic conditions
|y 1945-
|v Congresses.
|
| 653 |
|
|
|a Asian Economic Crisis
|
| 710 |
2 |
|
|a Organisation for Economic Co-operation and Development.
|
| 710 |
2 |
|
|a Nihon Rōdō Kyōkai.
|
| 710 |
1 |
|
|a Japan.
|b Rōdōshō.
|
| 710 |
2 |
|
|a International Labour Organisation.
|
| 830 |
|
0 |
|a OECD proceedings.
|
| 938 |
|
|
|a Jean Touzot Libraire Editeur
|b TOUZ
|n JTL00047662
|c 300 FRF
|
| 994 |
|
|
|a E0
|b TXA
|
| 948 |
|
|
|a cataloged
|b h
|c 2000/12/7
|d c
|e blrosas
|f 1:01:15 pm
|
| 999 |
|
|
|a MARS
|
| 999 |
f |
f |
|s ba3d3730-bfc4-308b-ad2d-ad98882617e0
|i 9a57db1e-c2ff-3291-9d92-004d52a9fc74
|t 0
|
| 952 |
f |
f |
|p ric
|a Texas A&M University
|b Rellis Campus
|c Joint Library Facility
|d Remote Storage
|t 0
|e HD8653.5 .L333 1999
|h Library of Congress classification
|i unmediated -- volume
|m A14827006838
|
| 998 |
f |
f |
|a HD8653.5 .L333 1999
|t 0
|l Remote Storage
|